Biology and ecology of weeds /

Guardado en:
Otros Autores: Holzner, W., Numata, Makoto, 1917-
Formato: Libro
Idioma:English
Publicado: The Hague ; Boston : W. Junk, 1982.
Series:Geobotany ; 2
Materias:
Etiquetas: Agregar Etiqueta
Sin Etiquetas, Sea el primero en etiquetar este registro!
LEADER 00806pam a2200253 a 4500
001 EEA.libagro010265
008 811231s1982####ne#a#####b####001#0#eng##
005 20220307110028.0
245 0 0 |a Biology and ecology of weeds /  |c edited by W. Holzner and M. Numata. 
260 |a The Hague ;  |a Boston :  |b W. Junk,  |c 1982. 
300 |a ix, 461 p. :  |b il. ;  |c 27 cm. 
490 1 |a Geobotany ;  |v 2 
504 |a Incluye referencias bibliográficas e índice. 
020 |a 9061936829 
700 1 |a Holzner, W. 
700 1 |a Numata, Makoto,  |d 1917- 
082 0 0 |a 632.5 
650 7 |a Malezas  |2 agrovoc 
650 7 |a Malezas  |x Ecología  |2 agrovoc 
650 7 |a Ecología vegetal  |2 agrovoc 
010 |a  81020893  
040 |a DLC  |c DLC  |d DLC 
050 0 0 |a SB611  |b .B557 1982 
859 |a AR-BbBCA  |b BIB. AGRONOMIA  |h 632.5  |i H762  |p C2692c